00375nam a2200145Ia 4500003000900000008004100009040001600050080001600066100002100082245004700103260003000150300001700180650001300197650001900210IN-BaIIA211028s9999 xx 000 0 eng d cIIA Library a681.11bDEC aDe Carle, Donald 0aPractical clock repairingcDonald De Carle aLondonbN A G Pressc1952 axxxii, 239p. aHorology aNASA thesaurus